000 00331nam a2200133Ia 4500
008 240112s1971 JUL xx 000 0 und d
041 _aeng
082 _a618.05
100 _aFARBER S.J.
245 _aAMERICAN JOU. OF MEDICAL SCIENCE
260 _bCHARLES B. SLACK INS.PUB.
_c1971 JUL
300 _a364,HB
440 _v262
999 _c1142000
_d1142000